000 00349nam a2200133Ia 4500
008 240624s9999 xx 000 0 und d
041 _aeng
082 _a658.406 COO
100 _aCOOK SARAH
245 _aCHANGE MANAGEMENT EXCELLENCE USING THE F
260 _c2005
_aNew Delhi
_bKogan Page
300 _aviii, : 230 : p. : cm. ; 23
365 _cRS
_b32
999 _c7620
_d7620